01155cam a2200325 a 4500001001300000003000400013005001700017008004100034010001700075040001900092041001300111043001200124050002200136066000700158100002900165245005400194260006900248300003600317500009500353504004100448546003300489651004400522710004200566880003000608880004800638880002600686880006200712880003800774999001700812c 62002537 DLC20260227111034.0850624m1962 ch a b 000 0achi  ac 62002537  aDLCcCarPdDLC0 achibeng aa-cc---00aDS751b.S758 1962 c$11 6880-01aSong, Xi,d1920-106880-02aSong shi yan jiu lun cong /cSong Xi zhu. 6880-03aYangmingshan :bGuo fang yan jiu yuan,cMinguo 51 [1962] a4, 204, 21 p. :bill. ;c21 cm. aA summary of essays on the history of the Sung dynasty / by Shee Sung: p. 1-21 (3d group). aIncludes bibliographical references. aText in Chinese and English. 0aChinaxHistoryySong dynasty, 960-1279.2 6880-04aZhongguo wen hua yan jiu suo.1 6100-01/$1a宋晞,d1920-106245-02/$1a宋史硏究論叢 /c宋晞著. 6250-00/$1a臺初版. 6260-03/$1a陽明山 :b國防硏究院,c民國51 [1962]2 6710-04/$1a中國文化研究所. c12792d12792